LEADER 00820nam0-22002771i-450- 001 990000021660403321 035 $a000002166 035 $aFED01000002166 035 $a(Aleph)000002166FED01 035 $a000002166 100 $a20011111d--------km-y0itay50------ba 101 0 $aita 105 $ay-------001yy 200 1 $aRESISTANCE welding$etheory and use$fprepared by Resistance welding committee American Welding society. 210 $aNew York$cReinhold publishing corporation$d1956 215 $aIX, 163 p.$cill.$d23 cm 610 0 $aSaldatura elettrica a resistenza 676 $a671.5 801 0$aIT$bUNINA$gRICA$2UNIMARC 901 $aBK 912 $a990000021660403321 952 $a13 C 45 04$b21833$fFINBC 959 $aFINBC 996 $aRESISTANCE welding$9106923 997 $aUNINA DB $aING01 LEADER 01059nam a2200277 i 4500 001 991000461549707536 005 20020503181147.0 008 010319s1988 it ||| | fre 020 $c23600 035 $ab10080892-39ule_inst 035 $aLE02516490$9ExL 040 $aFac. Economia$bita 082 0 $a448.0024651 100 1 $aCapello, F.$0460472 245 10$aCourrier contacts :$bcours de francais commercial /$cF. Capello, P. Dallera 260 $aMilano :$bGhisetti e Corvi,$cc1988 300 $a576 p. ;$c26 cm. 650 4$aLingua francese - Manuali di corrispondenza commerciale 700 1 $aDallera, P. 907 $a.b10080892$b21-09-06$c27-06-02 912 $a991000461549707536 945 $aLE025 ECO 448 CAP01.01$g1$i2025000073609$lle025$o-$pE0.00$q-$rl$s- $t0$u1$v0$w1$x0$y.i10092183$z27-06-02 945 $aLE025 ECO 448 CAP01.01$g2$i2025000073616$lle025$o-$pE0.00$q-$rl$s- $t0$u0$v0$w0$x0$y.i10092195$z27-06-02 996 $aCourrier contacts$9195600 997 $aUNISALENTO 998 $ale025$b01-01-01$cm$da $e-$ffre$git $h0$i2